Responses for show #4904 - Thursday, December 29, 2005

Tom Kavanaugh game 1.

Contestants

Keara Depenbrock, a political consultant from Brooklyn, New York

Tom Kavanaugh, a writer from St. Louis, Missouri

Rex Babiera, a learning consultant from Chicago, Illinois (whose 2-day cash winnings total $32,200)

Jeopardy! Round responses

NATIONAL GEOGRAPHIC
PREMIERE
BETTER HOMES & GARDENS
BON APPETIT
PLAY "BOY"
MAGAZINES
    $200 1
(Rex: What is Paraguay?)
(Keara: What is Venezuela?)

Bolivia

RexTomKeara
    $200 7
(Tom: What is Help!?)

A Hard Day's Night

TomKeara
    $200 24
the White House

Tom
    $200 21
tomato

Tom
    $200 2
a boy wonder

Tom
    $200 16
Sports Illustrated

Rex
    $400 12
(Tom: What is India?)
(Rex: What is Bangladesh?)

Pakistan

RexTomKeara
    $400 8
Braveheart

Tom
    $400 27
Milwaukee

Tom
    $400 22
(Tom: What is rice?)
(Alex: Be more specific.)
(Tom: [*]?)

dirty rice

Tom
    $400 3
boycott

Keara
    $400 17
7-Eleven

Keara
    $600 13
(Tom: What is Korea?)
(Alex: Be more specific.)
(Tom: Uh, what is [*]?)

South Korea

Tom
    $600 9
Judgement at Nuremberg

Triple Stumper
    $600 28
(Henry) Ford

Keara
    $600 23
sauté

Rex
    $600 4
Boys' Life

Tom
    $600 18
Town & Country

Keara
    $800 14
Canada

Keara
    $800 10
Blazing Saddles

Tom
    $2,000 29
(Keara: Who is... Randolph Hearst?)
(Alex: Will--[pauses to look at judges]--that's a correct response.)
[Applause]

(William) Randolph Hearst

Keara
    $800 25
jerk

Tom
    $800 5
boysenberry

Tom
    $800 19
(Rex: What is Guitar?)
(Keara: What is Guitar World?)
...
(Alex: Tom's not gonna ring in. The magazine is [*]. You were close, Rex.)

Guitar Player

RexKeara
Triple Stumper
    $1000 15
(Tom: Uh, what is Zaire?)

Niger

Tom
Triple Stumper
    $1000 11
Gandhi

Tom
    $1000 30
(Keara: What is Maryland?)

Maine

Keara
Triple Stumper
    $1000 26
raisins

Keara
    $1000 6
the boyars

Triple Stumper
    $1000 20
Gourmet

Keara

Scores at the first commercial break (after clue 15):

Rex Tom Keara
-$600 $3,000 $1,600

Scores at the end of the Jeopardy! Round:

Rex Tom Keara
-$600 $5,000 $5,400

Double Jeopardy! Round responses

MATH & SCIENCE
TV DRAMA MAMAS
ROBERT LOUIS STEVENSON
MUSICAL INSTRUMENTS
NOT A BRITISH PRIME MINISTER
BEFORE & AFTER
    $400 1
Newton

Tom
    $400 26
The Sopranos

Tom
    $400 21
(Keara: Who is Mr. Hyde?)
(Rex: Who is Gulliver?)
...
(Alex: Keara, you can't ring in again. Because it's [*], the other half of Mr. Hyde.)

Dr. Jekyll

RexKeara
Triple Stumper
    $400 2
the ukulele

Rex
    $400 16
Chandler

Tom
    $400 8
Tammany Hall & Oates

Rex
    $800 3
spontaneous combustion

Tom
    $800 27
[The end-of-round signal sounds.]

Geena Davis

Keara
    $800 22
a child

Keara
    $800 4
the cornet

Tom
    $800 17
Buckingham

Tom
    $800 10
[Tom responds just as his time runs out.]
(Alex: Oh, all right, you lucked out.)

Martha Graham Nash

Tom
    $1200 9
the Sun

Tom
    $2,000 23
Treasure Island

Keara
    $1200 5
a balalaika

Tom
    $1200 18
Balmoral

Keara
    $1200 11
Frederic Remington Steele

Tom
    $1600 13
(Tom: What is percentile?)

per mil

Tom
Triple Stumper
    $1600 24
(Tom: Uh, what is...?)

Samoa

Tom
Triple Stumper
    $2,800 6
a marimba

Tom
    $1600 19
Pecket

Tom
    $1600 12
Vera Wang Chung

Rex
    $2000 14
centripetal force

Tom
    $2000 25
Kidnapped

Tom
    $2000 7
a concertina

Tom
    $2000 20
McHenry

Tom
    $2000 15
Don King Cobra

Tom

Scores at the end of the Double Jeopardy! Round:

Rex Tom Keara
$1,400 $24,200 $9,800
(lock game)

[wagering suggestions for these scores]

Final Jeopardy! Round responses

SOVIET HISTORY
(Alex: If you're good at math, you probably figured out that he was deposed around 1964, so that would help you, I'm sure.)
...
(Alex: He was deposed by Brezhnev.)
RexWho is Sakharov?
$100
KearaWho is Krushchev?
$6,999
TomWho is Kruschev?
$3,800
Nikita Khrushchev

Final scores:

Rex Tom Keara
$1,300 $28,000 $16,799
3rd place: $1,000 New champion: $28,000 2nd place: $2,000

Game dynamics:

Coryat scores:

Rex Tom Keara
$1,400 $23,000 $7,800
5 R,
4 W
30 R
(including 1 DD),
5 W
14 R
(including 2 DDs),
4 W

Combined Coryat: $32,200

The J! Archive is created by fans, for fans. The Jeopardy! game show and all elements thereof, including but not limited to copyright and trademark thereto, are the property of Jeopardy Productions, Inc. and are protected under law. This website is not affiliated with, sponsored by, or operated by Jeopardy Productions, Inc. Join the discussion at JBoard.tv.